101 dalmatians / (Record no. 102316)
[ view plain ]
| 000 -LEADER | |
|---|---|
| fixed length control field | 00741nam a2200193 a 4500 |
| 005 - DATE AND TIME OF LATEST TRANSACTION | |
| control field | 20140412111234.0 |
| 008 - FIXED-LENGTH DATA ELEMENTS--GENERAL INFORMATION | |
| fixed length control field | 010604s19uu xx 00 eng d |
| 020 ## - INTERNATIONAL STANDARD BOOK NUMBER | |
| International Standard Book Number | 0-307-12842-3 |
| 050 ## - LIBRARY OF CONGRESS CALL NUMBER | |
| Classification number | ER |
| Item number | On2 1996 |
| 100 ## - MAIN ENTRY--PERSONAL NAME | |
| Personal name | Mann, P. Z. |
| 245 ## - TITLE STATEMENT | |
| Title | 101 dalmatians / |
| Statement of responsibility, etc | adapted by P. Z. Mann. |
| 260 ## - PUBLICATION, DISTRIBUTION, ETC. (IMPRINT) | |
| Place of publication, distribution, etc | New York : |
| Name of publisher, distributor, etc | A Golden Bool, |
| Date of publication, distribution, etc | 1996. |
| 300 ## - PHYSICAL DESCRIPTION | |
| Extent | 1v.(unp.) ; ill. |
| 440 ## - SERIES STATEMENT/ADDED ENTRY--TITLE | |
| Title | Disney's |
| 520 ## - SUMMARY, ETC. | |
| Summary, etc | Cruella DeVil, that wicked, scheming villainess, will stop at nothing to get the animal furs she loves to wear. But she's no match for the Dalmatians Perdy and Pongo, who also will do whatever it takes to rescue and protect their beloved puppies. |
| 650 ## - SUBJECT ADDED ENTRY--TOPICAL TERM | |
| Topical term or geographic name as entry element | Puppies-Stories |
| 650 ## - SUBJECT ADDED ENTRY--TOPICAL TERM | |
| Topical term or geographic name as entry element | Puppies-Fiction |
| Withdrawn status | Lost status | Damaged status | Use restrictions | Home library | Current library | Shelving location | Date acquired | Source of acquisition | Cost, normal purchase price | Total Checkouts | Full call number | Barcode | Date last seen | Price effective from | Koha item type |
|---|---|---|---|---|---|---|---|---|---|---|---|---|---|---|---|
| Elizalde Library | Elizalde Library | Easy Reading Section | 06/04/2001 | 114.50 | ER On2 1996 | E1393 | 04/12/2014 | 04/12/2014 | Books |